| 000 | 00374nam a2200133Ia 4500 | ||
|---|---|---|---|
| 005 | 20251222144914.0 | ||
| 008 | 251222s9999||||xx |||||||||||||| ||spa|| | ||
| 020 | _a978-9972-57-309-5 | ||
| 082 | _a333.7/G63 | ||
| 100 | _aGómez de Zea, Rosario | ||
| 245 | 0 | _aValoración Económica del Parque Nacional del Río Abiseo: | |
| 264 | _bUniversidad del Pacífico | ||
| 942 | _cLIB | ||
| 999 |
_c22446 _d22446 |
||